Enfermos del libro (Record no. 179083)

MARC details
000 -LEADER
campo de control de longitud fija 01019nam a2200277 i 4500
001 - NÚMERO DE CONTROL
campo de control 179083
003 - IDENTIFICADOR DE NÚMERO DE CONTROL
campo de control ES-MaACL
005 - FECHA Y HORA DE LA ÚLTIMA TRANSACCIÓN
campo de control 20250822052421.0
008 - DATOS DE LONGITUD FIJA--INFORMACIÓN GENERAL
campo de control de longitud fija 110906s2009 sp |||| |dspa d
020 ## - NÚMERO INTERNACIONAL ESTÁNDAR DEL LIBRO
Número Internacional Estándar del Libro 978-84-472-1175-3
080 ## - NÚMERO DE LA CLASIFICACIÓN DECIMAL UNIVERSAL
Número de la Clasificación Decimal Universal 090.1
100 1# - ENTRADA PRINCIPAL--NOMBRE DE PERSONA
Nombre de persona Albero, Miguel.
9 (RLIN) 147842
245 10 - MENCIÓN DEL TÍTULO
Título Enfermos del libro
Resto del título : breviario personal de bibliopatías propias y ajenas /
Mención de responsabilidad, etc. Miguel Albero ; prólogo de Juan Bonilla.
260 ## - PUBLICACIÓN, DISTRIBUCIÓN, ETC.
Lugar de publicación, distribución, etc. Sevilla :
Nombre del editor, distribuidor, etc. Universidad de Sevilla, Secretariado de Publicaciones,
Fecha de publicación, distribución, etc. 2009.
300 ## - DESCRIPCIÓN FÍSICA
Extensión 235 p. ;
Dimensiones 23 cm.
490 1# - MENCIÓN DE SERIE
Mención de serie Serie abierta ;
Designación de volumen o secuencia 61
650 #7 - PUNTO DE ACCESO ADICIONAL DE MATERIA--TÉRMINO DE MATERIA
Término de materia o nombre geográfico como elemento de entrada Bibliofilia
Fuente del encabezamiento o término embne
9 (RLIN) 10514
650 #7 - PUNTO DE ACCESO ADICIONAL DE MATERIA--TÉRMINO DE MATERIA
Término de materia o nombre geográfico como elemento de entrada Libros y lectura
Fuente del encabezamiento o término embne
9 (RLIN) 142519
700 1# - ENTRADA AGREGADA--NOMBRE PERSONAL
Nombre de persona Bonilla, Juan,
Fechas asociadas al nombre 1966-
9 (RLIN) 30179
710 2# - ENTRADA AGREGADA--NOMBRE DE ENTIDAD CORPORATIVA
Nombre de entidad corporativa o nombre de jurisdicción como elemento de entrada Universidad de Sevilla.
Unidad subordinada Secretariado de Publicaciones.
9 (RLIN) 145422
830 0# - PUNTO DE ACCESO ADICIONAL DE SERIE-TÍTULO UNIFORME
Título uniforme Serie abierta ;
Designación de volumen o secuencia 61
9 (RLIN) 224393
852 ## - LOCALIZACIÓN
Ubicación ES-MaACL
itemnumber 185952
Sublocalización o colección R.146802
Número de control de estantería A-11471
Signatura antigua Olim: N-4475
Ubicación en estantería Depósito 1
942 ## - ELEMENTOS DE ENTRADA SECUNDARIOS (KOHA)
Fuente del sistema de clasificación o colocación Clasificación decimal universal
Tipo de ítem Koha Libro impreso
Holdings
Estatus retirado Estado de pérdida Fuente del sistema de clasificación o colocación Estado de daño No para préstamo Biblioteca de origen Biblioteca actual Ubicación en estantería Fecha de adquisición Fuente de adquisición Total de préstamos Signatura topográfica completa Código de barras Visto por última vez Precio de reemplazo Tipo de ítem Koha
    Clasificación decimal universal     Biblioteca del Ateneo de Madrid Biblioteca del Ateneo de Madrid Depósito 1 06/09/2011 Compra   A-11471 1188116 23/02/2023 23/02/2023 Libro impreso